U.S. national security : policymakers, processes, and politics

Αποθηκεύτηκε σε:
Λεπτομέρειες βιβλιογραφικής εγγραφής
Κύριος συγγραφέας: Sarkesian, Sam Charles
Άλλοι συγγραφείς: Williams, John Allen 1945-, Cimbala, Stephen J.
Μορφή: Βιβλίο
Γλώσσα:English
Δημοσίευση: London : Lynne Rienner, 2002
Έκδοση:3rd ed.
Θέματα:
Ετικέτες: Προσθήκη ετικέτας
Δεν υπάρχουν, Καταχωρήστε ετικέτα πρώτοι!

MARC

LEADER 00000nam a2200000 i 4500
001 1/63733
008 041025s2002 eng d
020 |a 1-55587-936-5 
035 |l 10074886 
040 |a GR-MY-UA  |b gre  |e aacr 
041 0 |a eng 
082 0 |a 355.033073 
100 1 |a Sarkesian, Sam Charles. 
245 1 0 |a U.S. national security :  |b policymakers, processes, and politics /  |c Sam C. Sarkesian, John Allen Williams, Stephen J. Cimbala 
250 |a 3rd ed. 
260 |a London :   |b Lynne Rienner,   |c 2002 
300 |a 331 p. 
504 |a Includes bibliographical references and index 
650 0 0 |a National security  |z United States  |x Decision making. 
651 0 |a United States  |x Military policy  |x Decision making. 
700 1 |a Williams, John Allen  |d 1945- 
700 1 |a Cimbala, Stephen J. 
852 |a INST  |b RHODES  |e 20041026  |h 355.033073 SAR  |p 005400018281  |q 005400018281  |t BK  |y 0 
852 |a INST  |b RHODES  |e 20041025  |h 355.033073 SAR  |p 005400018318  |q 005400018318  |t BK  |y 0 
852 |a INST  |b RHODES  |e 20050920  |h 355.033073 SAR  |p 005400022247  |q 005400022247  |t BK  |y 0 
901 |a BIBL4-2004-3 
909 |a Ρ  |b 110058 
909 |a Ρ  |b 110095 
909 |a Ρ  |b 122464 
920 |a ΔΙΕΥΡΥΝΣΗ  |b ΕΠΕΑΕΚ ΙΙ-ΤΜΣ  |y ΡΟΔΟΣ  |z 2004-10 
970 |a ΚΟΥΛΑΚΙΟΤΗ  |b ΛΙΤΣΑ  |z 2004/10/25 
970 |a ΚΟΖΑ  |b ΜΑΡΙΑ  |z 2005/09/20